|
|
|
|
| LEADER |
00000nam2a2200000 4500 |
| 001 |
111309 |
| 005 |
20231031120814.0 |
| 020 |
|
|
|a RU
|b 80-14915
|
| 035 |
|
|
|a (RuTPU)RU\TPU\book\120208
|
| 090 |
|
|
|a 111309
|
| 100 |
|
|
|a 20070313g1984 km y0rusy5003 ca
|
| 101 |
0 |
|
|a rus
|
| 102 |
|
|
|a RU
|
| 105 |
|
|
|a a z 000zy
|
| 200 |
0 |
|
|a Кн. 1
|
| 210 |
|
|
|d 1984
|
| 215 |
|
|
|a 231 с.
|c ил.
|
| 461 |
|
1 |
|0 (RuTPU)RU\TPU\book\152538
|t Война. Народ. Победа 1941-1945
|o Статьи . Очерки. Воспоминания
|o в 4-х кн.
|f сост. Ж. В. Таратута
|v Кн. 1
|e 2-е изд., доп.
|d 1984
|
| 610 |
1 |
|
|a история
|
| 610 |
1 |
|
|a СССР
|
| 610 |
1 |
|
|a Великая Отечественная война 1941-1945
|
| 610 |
1 |
|
|a мемуары
|
| 610 |
1 |
|
|a воспоминания
|
| 610 |
1 |
|
|a очерки
|
| 610 |
1 |
|
|a статьи
|
| 801 |
|
0 |
|a RU
|b RuMRKP
|c 19950704
|g psbo
|
| 801 |
|
1 |
|a RU
|b 63413507
|c 20070313
|g PSBO
|
| 801 |
|
2 |
|a RU
|b 63413507
|c 20091028
|g PSBO
|
| 942 |
|
|
|c BK
|